|
|
|
|
| LEADER |
00827nam a2200229 a 4500 |
| 003 |
BD-DhAAL |
| 008 |
090713r1992 ii b 000 0 eng d |
| 999 |
|
|
|c 2341
|d 2341
|
| 020 |
|
|
|a 8170966612
|
| 082 |
0 |
0 |
|a 823/.5
|2 21
|
| 100 |
1 |
|
|a McGowan, Cynthia.
|9 45304
|
| 245 |
0 |
0 |
|a Robinson Crusoe :
|b Notes /
|c Cynthia, McGowan.
|
| 246 |
1 |
0 |
|a Defoe's Robinson Crusoe.
|
| 260 |
|
|
|a New Delhi :
|b Kalyani Publishers,
|c 1992 [Reprinted]
|
| 300 |
|
|
|a 48 pages.
|c 21cm.
|
| 490 |
1 |
|
|a Cliffs Notes.
|
| 541 |
1 |
|
|e 00014259
|
| 600 |
1 |
0 |
|a Defoe, Daniel,
|d 1661?-1731.
|t Robinson Crusoe.
|9 45305
|
| 830 |
|
|
|a Cliffs Notes.
|9 45306
|
| 852 |
4 |
|
|a Ayesha Abed Library
|j General shelf
|
| 942 |
|
|
|2 ddc
|c BK
|
| 952 |
|
|
|0 0
|1 0
|2 ddc
|4 1
|6 823_000000000000000__5_MCG
|7 0
|9 2165
|a BRACUL
|b BRACUL
|c SPS
|d 2009-07-13
|g 20.00
|l 0
|o 823.5 MCG
|p 3010014259
|r 2009-07-13
|t 1
|w 2009-07-13
|y BK
|